|
|
|
|
| LEADER |
00000nas a22000001a 4500 |
| 001 |
vtls010298153 |
| 003 |
SK-MaSNL |
| 005 |
20260228162519.0 |
| 008 |
110809d19361938xo uu p 0 b0slo |
| 040 |
|
|
|a SNK
|b slo
|c SNK
|e AACR2
|
| 041 |
0 |
|
|a slo
|
| 044 |
|
|
|a xo
|c SK
|a xr
|c CZ
|
| 245 |
0 |
0 |
|a Kúpeľné listy z Trenč. Teplíc
|b nezávislý časopis venovaný záujmom kúpeľov
|
| 260 |
|
|
|a Trenčianske Teplice
|b A. Himelreich
|c 1936-1938
|
| 300 |
|
|
|a 3 zv.
|c 31 cm
|
| 310 |
|
|
|a Periodicita nie je známa
|
| 362 |
0 |
|
|a Roč. XIV, č. 1 (30.5.1936)-roč. XVI, č. 9 (16.9.1938)
|
| 650 |
0 |
7 |
|a kúpele
|2 SNKPH
|9 1139
|
| 650 |
0 |
7 |
|a rekreačné oblasti
|2 SNKPH
|9 69057
|
| 655 |
|
7 |
|a špecializované časopisy
|2 SNKPH
|9 70509
|
| 999 |
|
|
|c 7986
|d 9916
|
| 952 |
|
|
|0 0
|1 0
|3 rekatalogizácia
|4 0
|7 0
|a SNK
|b SNK
|d 2007-02-07
|i snkF 4/79
|l 0
|o snkČSB 2759/5/1927
|p 17A0530150
|r 2026-02-21 20:19:58
|t č. 1,2,3
|w 2026-02-21
|y PREZ
|